| 000 | 00000nam##2200000za#4500 |
| 001 | 9.691832 |
| 003 | CaOODSP |
| 005 | 20210624232937 |
| 007 | cr ||||||||||| |
| 008 | 150407|2005||||xxc|||||o f|0| 0 eng|d |
| 040 | |aCaOODSP|beng |
| 043 | |an-cn--- |
| 086 | 1 |aEn108-4/47-2005E-PDF |
| 110 | 1 |aCanada.|bCanadian Council of Ministers of the Environment. |
| 245 | 10|aAnalysis of economic instruments for water conservation : |h[electronic resource]|bfinal report / |csubmitted by David Sawyer ... [et al]. |
| 260 | |aGatineau - Quebec : |bCanadian Council of Ministers of the Environment |c[2005]. |
| 300 | |a103p.|bfigs., glossary, references, tables |
| 590 | |a10-14-Supp|b2010-12-03 |
| 690 | 07|aWater conservation|2gcpds |
| 690 | 07|aWater management|2gcpds |
| 720 | 1 |aSawyer, David |
| 720 | 1 |aPerron, Genevieve |
| 720 | 1 |aTrudeau, Mary |
| 720 | 1 |aRenzetti, Steven |
| 775 | 08|tAnalyse des instruments économiques pour la conservation de l'eau : |w(CaOODSP)9.636128 |
| 856 | 40|ahttp://publications.gc.ca|qPDF|s513 KB|uhttps://publications.gc.ca/collections/collection_2010/ccme/En108-4-47-2005-eng.pdf |
| 986 | |aPN 1348 |